00673cam a2200229 a 450000100060000000300080000600500170001400800410003103500230007203500330009504000270012804100080015508200190016310000340018224500240021626000560024030000260029665000220032265300430034465500390038770000170042620351BD-RjUL20211209000544.0140227s1956 bcca 000 0 eng d a(OCoLC)ocm59131920 a(NNC)5261716a(BD-RjUL)20413 aNTEcNTEdBD-RjULbeng aeng a841bDID 19561 aDickinson, Emily,d1830-1886.10aDer engel in grau : aMission, B.C. :bKessler Verlag mannheim,,cc1956. a220 :bill ;c24 cm. aDickinson, Emily, aCanadian imprints, 21st century, 2004. 7aLyric poemszUnited States2rbgenr1 aMathi, Maria